000 00514nam a22001817a 4500
001 000560
003 DO-SdBNP
005 20180205113230.0
008 180205b xxu||||| |||| 00| 0 spa d
020 _a8424621603
040 _aBPMSU
_bspa
_cBPMSU
100 1 _aPradas, Núria
245 1 0 _aCurso para jóvenes hadas buenas /
_cNúria Pradas, ilustraciones Miriam Bauer
260 _aBarcelona :
_bLa Galera,
_c2006.
700 _aBauer, Míriam
_eil.
942 _2ddc
_cBK
945 _aInventariado, 2018/MFF
999 _c11585
_d11585